Dos vivarienses del siglo pasado (Record no. 51089)
[ view plain ]
| 000 -LEADER | |
|---|---|
| campo de control de longitud fija | 00612nam a2200169 i 4500 |
| 001 - NÚMERO DE CONTROL | |
| campo de control | 51089 |
| 003 - IDENTIFICADOR DE NÚMERO DE CONTROL | |
| campo de control | ES-MaACL |
| 005 - FECHA Y HORA DE LA ÚLTIMA TRANSACCIÓN | |
| campo de control | 20230906162309.0 |
| 007 - CAMPO FIJO DE DESCRIPCIÓN FÍSICA--INFORMACIÓN GENERAL | |
| campo de control de longitud fija | t| |
| 008 - DATOS DE LONGITUD FIJA--INFORMACIÓN GENERAL | |
| campo de control de longitud fija | 030808s1948 sp ||||1| spa d |
| 100 1# - ENTRADA PRINCIPAL--NOMBRE DE PERSONA | |
| Nombre de persona | Chao Espina, Enrique. |
| 9 (RLIN) | 37996 |
| 245 10 - MENCIÓN DEL TÍTULO | |
| Título | Dos vivarienses del siglo pasado |
| Resto del título | : Luis Trelles y Vincente Cociña / |
| Mención de responsabilidad, etc. | por Enrique Chao Espina ; prólogo de Julio Francisco Ogando Vázquez. |
| 260 ## - PUBLICACIÓN, DISTRIBUCIÓN, ETC. | |
| Lugar de publicación, distribución, etc. | Vivero (Lugo) : |
| Nombre del editor, distribuidor, etc. | [s.n.], |
| Fecha de publicación, distribución, etc. | 1948 ( |
| Fabricante | Gráf. A. Santiago) |
| 300 ## - DESCRIPCIÓN FÍSICA | |
| Extensión | 41 p., 6 lám. ; |
| Dimensiones | 21 cm. |
| 700 1# - ENTRADA AGREGADA--NOMBRE PERSONAL | |
| Nombre de persona | Ogando Vázquez, Julio Francisco. |
| 9 (RLIN) | 86562 |
| 852 ## - LOCALIZACIÓN | |
| Ubicación | ES-MaACL |
| Número de control de estantería | 2093-F-6 |
| Sublocalización o colección | R.95465 |
| Estatus retirado | Estado de pérdida | Estado de daño | No para préstamo | Colección | Biblioteca de origen | Biblioteca actual | Ubicación en estantería | Fecha de adquisición | Fuente de adquisición | Total de préstamos | Signatura topográfica completa | Código de barras | Visto por última vez | Precio de reemplazo | Tipo de ítem Koha |
|---|---|---|---|---|---|---|---|---|---|---|---|---|---|---|---|
| Colección de folletos | Biblioteca del Ateneo de Madrid | Biblioteca del Ateneo de Madrid | Depósito folletos | 17/01/2008 | 2093-F-6 | 1053725 | 23/02/2023 | 23/02/2023 | Folleto |
